01571nab a22002897a 4500999001500000003000400015005001700019008004100036040000700077100003300084245013500117260007300252300001200325500002800337505039600365505008200761650002300843650002600866650005100892650004700943650002400990650002701014650003901041700003301080773015501113942001301268 c5546d5546OSt20251215155824.0190429b xxu||||| |||| 00| 0 spa d cPJ 94594aAriza Clerici, Rodolfo13aEl Sistema Interamericano de Derechos Humanos y su incidencia en materia penal /cRodolfo A. Ariza Clerici, Leandro A. Martínez. cCiudad Autónoma de Buenos Aires :aThomson Reuters La Ley, b2025. ap. 3-15 aCita: AR/DOC/2821/2023. aSumario: I. Planteo.— II. Derechos Humanos y Derechos Constitucionales en el Sistema Interamericano y en el Sistema Argentino.— III. La sanción a los crímenes de lesa humanidad, el respeto de los derechos y de las garantías fundamentales en la Argentina y en el Sistema Interamericano.— IV. Crítica y reflexión acerca de la jurisprudencia de la Corte IDH.— V. Conclusión. tSi te interesa el texto completo, solicitalo a koha@justierradelfuego.gov.ar  09343aDERECHO PENAL 09614aDERECHOS HUMANOS 093377aCORTE INTERAMERICANA DE DERECHOS HUMANOS 09615aDERECHOS Y GARANTIAS CONSTITUCIONALES 09180aDEBIDO PROCESO 09586aDEFENSA EN JUICIO 096334aCRÍMENES DE LESA HUMANIDAD 96525aMartínez, Leandro A.0 0265893164tRevista de derecho penal y criminología. Nº 3 - Abril 2024dCiudad Autónoma de Buenos Aires : Thomson Reuters La Ley, 2017-x00347914 2udccANA